The wind in the willows /

Hlavní autor: Grahame, Kenneth, 1859-1932
Jazyk: Angličtina
Vydáno: London : Methuen & Co., 1947
Vydání: Eighty-sixth Edition
Fyzický popis: 248 stran ; 17 cm
Knihy
Uloženo v:
LEADER 00805nam a22002652i 4500
001 000252937
003 CZ BrMZK
005 20210604131015.0
007 ta
008 950101s1947 xxk f eng d
020 |q (Vázáno) 
040 |a ABA001  |b cze  |c ABA001  |e rda  |d BOA001 
100 1 |a Grahame, Kenneth,  |d 1859-1932  |7 jn19990002827  |4 aut 
245 1 4 |a The wind in the willows /  |c Kenneth Grahame 
250 |a Eighty-sixth Edition 
264 1 |a London :  |b Methuen & Co.,  |c 1947 
300 |a 248 stran ;  |c 17 cm 
336 |a text  |b txt  |2 rdacontent 
337 |a bez média  |b n  |2 rdamedia 
338 |a svazek  |b nc  |2 rdacarrier 
910 |a BOA001  |b 1-0250.308 
990 |a BK 
993 |a Y 
991 |b 202105 
996 7 |b 2619893852  |c 1-0250.308  |l MZK  |r Sklad / do 1 hodiny  |n 7  |w 000252937  |u 000010  |a 1  |e BOA001  |j MZK50  |s A